[Event "27e Open International Avoine"]
[Site "Espace culturel d'Avoine-3742"]
[Date "2012.07.22"]
[Round "2.25"]
[White "Gros, Patrick"]
[Black "Anton, Teodor"]
[Result "1/2-1/2"]
[WhiteElo "2032"]
[BlackElo "2423"]
[PlyCount "43"]
[EventDate "2012.??.??"]

1. d4 Nf6 2. Bf4 c5 3. e3 Nd5 4. Bg3 Qb6 5. Nc3 Nxc3 6. bxc3 Qb2 7. Ne2 e6 8.
Qc1 Qb6 9. Nf4 Qa5 10. Qd2 cxd4 11. exd4 d6 12. Be2 Nd7 13. O-O h5 14. h3 Nf6
15. Qd3 g5 16. Ng6 fxg6 17. Qxg6+ Ke7 18. Bxd6+ Kxd6 19. Qxf6 Rg8 20. Qf7 Rh8
21. Qf6 Rg8 22. Qf7 1/2-1/2

[Event "27e Open International Avoine"]
[Site "Espace culturel d'Avoine-3742"]
[Date "2012.07.22"]
[Round "2.26"]
[White "Jolly, Jean-Francois"]
[Black "Batteux, Mickael"]
[Result "1-0"]
[WhiteElo "2409"]
[BlackElo "2034"]
[PlyCount "57"]
[EventDate "2012.??.??"]

1. e4 Nf6 2. e5 Nd5 3. d4 d6 4. Nf3 dxe5 5. Nxe5 c6 6. Be2 Bf5 7. O-O Nd7 8.
Nf3 e6 9. a3 Be7 10. c4 N5b6 11. Nc3 O-O 12. h3 h6 13. Be3 c5 14. Rc1 Rc8 15.
dxc5 Bxc5 16. Bf4 Nf6 17. b4 Qxd1 18. Rfxd1 Be7 19. Nb5 a6 20. Nd6 Bxd6 21.
Rxd6 Na4 22. Be5 Ne4 23. Rd7 b5 24. Ra7 Rfd8 25. Rxa6 f6 26. Ba1 e5 27. c5 Nd2
28. Bxb5 Nb3 29. Bc4+ 1-0

[Event "27e Open International Avoine"]
[Site "Espace culturel d'Avoine-3742"]
[Date "2012.07.22"]
[Round "2.28"]
[White "Garnier, Teddy"]
[Black "Payen, Arnaud"]
[Result "0-1"]
[WhiteElo "2055"]
[BlackElo "2351"]
[PlyCount "76"]
[EventDate "2012.??.??"]

1. e4 Nf6 2. e5 Nd5 3. Nc3 Nxc3 4. bxc3 d6 5. f4 g6 6. d4 Bg7 7. Bd3 O-O 8. Nf3
c5 9. Be3 Qa5 10. Qd2 dxe5 11. dxe5 Nc6 12. c4 b6 13. Be4 Qa4 14. Qd3 Bb7 15.
Qb3 Qa6 16. Qb5 Rac8 17. Rd1 Qxa2 18. Rd7 Nd4 19. Bxb7 Nxb5 20. Bxc8 Na3 21.
Bb7 Nxc2+ 22. Kf2 Nxe3+ 23. Kxe3 Qxc4 24. Rhd1 e6 25. g4 h6 26. Be4 g5 27. f5
exf5 28. gxf5 h5 29. Rg1 g4 30. h4 Bh6+ 31. Ng5 Qc3+ 32. Kf4 Re8 33. e6 fxe6
34. fxe6 Rxe6 35. Rd8+ Kg7 36. Rd7+ Kf8 37. Rf7+ Ke8 38. Rf5 Rxe4+ 0-1

[Event "27e Open International Avoine"]
[Site "Espace culturel d'Avoine-3742"]
[Date "2012.07.22"]
[Round "2.29"]
[White "Godart, Francois"]
[Black "Farou, Fabrice"]
[Result "1/2-1/2"]
[WhiteElo "2317"]
[BlackElo "2016"]
[PlyCount "42"]
[EventDate "2012.??.??"]

1. d4 d6 2. c4 e5 3. Nf3 e4 4. Nfd2 f5 5. e3 Nf6 6. Nc3 Be7 7. Be2 O-O 8. O-O
c6 9. f3 d5 10. fxe4 dxe4 11. Qb3 c5 12. dxc5 Bxc5 13. Na4 Be7 14. c5+ Kh8 15.
Nc4 Qc7 16. Bd2 Be6 17. Bb4 Na6 18. Qa3 Bxc4 19. Bxc4 Nxb4 20. Qxb4 Ng4 21. g3
Nxe3 1/2-1/2

[Event "27e Open International Avoine"]
[Site "Espace culturel d'Avoine-3742"]
[Date "2012.07.22"]
[Round "2.30"]
[White "Gerard, Nicolas"]
[Black "Derieux, Christian"]
[Result "1-0"]
[WhiteElo "2279"]
[BlackElo "2027"]
[PlyCount "57"]
[EventDate "2012.??.??"]

1. d4 Nf6 2. c4 c5 3. d5 e6 4. Nc3 exd5 5. cxd5 d6 6. Nf3 g6 7. Bf4 Bg7 8. Qa4+
Bd7 9. Qb3 b5 10. Bxd6 Qb6 11. Be5 O-O 12. e3 c4 13. Qd1 Na6 14. a4 b4 15. Nb5
Bxb5 16. axb5 Nc7 17. Bxc4 Nxb5 18. Qd3 Nc7 19. O-O Rad8 20. Bd4 Qd6 21. e4 Nd7
22. Bxg7 Kxg7 23. Qd4+ Kg8 24. e5 Qb6 25. e6 Qxd4 26. Nxd4 fxe6 27. Nxe6 Nxe6
28. dxe6 Nb6 29. Ba2 1-0

[Event "27e Open International Avoine"]
[Site "Espace culturel d'Avoine-3742"]
[Date "2012.07.22"]
[Round "2.31"]
[White "Nord, Antoine"]
[Black "Duhayon, Yves"]
[Result "1/2-1/2"]
[WhiteElo "1990"]
[BlackElo "2221"]
[PlyCount "89"]
[EventDate "2012.??.??"]

1. e4 e5 2. Nf3 Nc6 3. Bb5 a6 4. Ba4 d6 5. O-O Nf6 6. Re1 Bd7 7. c3 Be7 8. h3
O-O 9. d4 Re8 10. Nbd2 Bf8 11. Bc2 g6 12. Nf1 Bg7 13. Ng3 a5 14. Bg5 h6 15. Be3
Kh7 16. Nh2 Qc8 17. f4 exd4 18. cxd4 Nb4 19. Bb1 c5 20. dxc5 dxc5 21. a3 Na6
22. e5 Ng8 23. Ne4 Rf8 24. Nd6 Qc7 25. Ng4 Ne7 26. Qb3 b6 27. Be4 Bc6 28. Rad1
Bxe4 29. Nxe4 Nf5 30. Ngf6+ Kh8 31. Rd7 Qc6 32. Red1 a4 33. Qd3 Nc7 34. Bf2 Ne6
35. g4 Nfd4 36. Bxd4 Nxd4 37. Qc4 Qe6 38. Qxe6 fxe6 39. Kf2 Rad8 40. Rb7 Rb8
41. Ra7 Ra8 42. Rb7 Rfb8 43. Rc7 Rc8 44. Rb7 Rcb8 45. Rc7 1/2-1/2

[Event "27e Open International Avoine"]
[Site "Espace culturel d'Avoine-3742"]
[Date "2012.07.22"]
[Round "2.32"]
[White "Louis, Corentin"]
[Black "Come, Alexandre"]
[Result "1/2-1/2"]
[WhiteElo "1994"]
[BlackElo "2204"]
[PlyCount "96"]
[EventDate "2012.??.??"]

1. e4 c5 2. Nf3 e6 3. d4 cxd4 4. Nxd4 a6 5. f4 b5 6. Be3 Bb7 7. Bd3 Qc7 8. O-O
Nf6 9. Nd2 Nc6 10. c3 Be7 11. Qf3 d6 12. Qg3 g6 13. N4f3 Rd8 14. a4 b4 15. Nc4
Qb8 16. Bb6 Rc8 17. e5 Nd5 18. f5 Nxb6 19. Nxb6 Qa7 20. Qf2 Rd8 21. fxe6 fxe6
22. Rae1 O-O 23. exd6 Bxd6 24. Bc4 Ne5 25. Bxe6+ Kg7 26. Qd4 Bc7 27. Nd5 Qxd4+
28. Nxd4 Rxd5 29. Bxd5 Bxd5 30. Nc2 bxc3 31. bxc3 Bc4 32. Rxf8 Kxf8 33. Ne3 Bb3
34. Rf1+ Ke7 35. Rf4 Ke6 36. Kf1 a5 37. Ke2 Bb6 38. Kd2 g5 39. Rf8 Nc4+ 40.
Nxc4 Bxc4 41. Rh8 Bg1 42. Rxh7 Bb3 43. h4 Bxa4 44. hxg5 Be8 45. Rh6+ Kf5 46.
Ra6 a4 47. g6 Bxg6 48. Rxa4 Ke5 1/2-1/2

[Event "27e Open International Avoine"]
[Site "Espace culturel d'Avoine-3742"]
[Date "2012.07.22"]
[Round "2.33"]
[White "Wojtkowski, Frederic"]
[Black "Naudion, Gregoire"]
[Result "0-1"]
[WhiteElo "1963"]
[BlackElo "2175"]
[PlyCount "64"]
[EventDate "2012.??.??"]

1. d4 g6 2. Bg5 Bg7 3. e3 c5 4. c3 Qb6 5. Qb3 Qc7 6. Bc4 e6 7. d5 Nf6 8. Bf4 e5
9. d6 Qxd6 10. Bxf7+ Kf8 11. Bg5 Nc6 12. a4 Na5 13. Qa2 b6 14. Nd2 Bb7 15. Ngf3
e4 16. Nh4 Qc7 17. Bf4 d6 18. Be6 Qe7 19. O-O Re8 20. Bc4 Nh5 21. g3 Nxf4 22.
exf4 Nxc4 23. Qxc4 d5 24. Qb5 Bf6 25. Ng2 d4 26. cxd4 cxd4 27. Rfe1 e3 28. fxe3
dxe3 29. Nxe3 Bd4 30. Ndf1 Qe4 31. Qb4+ Kg7 32. Re2 Bxe3+ 0-1

[Event "27e Open International Avoine"]
[Site "Espace culturel d'Avoine-3742"]
[Date "2012.07.22"]
[Round "2.34"]
[White "Primel, Dominique"]
[Black "Leruste, Georges"]
[Result "0-1"]
[WhiteElo "1983"]
[BlackElo "2161"]
[PlyCount "54"]
[EventDate "2012.??.??"]

1. Nf3 f5 2. d3 Nc6 3. e4 e5 4. Nc3 Nf6 5. exf5 d5 6. d4 exd4 7. Nxd4 Nxd4 8.
Qxd4 Bxf5 9. Bg5 c6 10. O-O-O Bd6 11. Bd3 Bxd3 12. Rxd3 O-O 13. Re1 Qd7 14. Qh4
h6 15. Bxh6 gxh6 16. Qxh6 Qg7 17. Qh3 Qg4 18. Re6 Bf4+ 19. Kb1 Qxh3 20. Rxh3
Rae8 21. Rxe8 Rxe8 22. a3 Re1+ 23. Ka2 Bd6 24. Rf3 Kg7 25. g3 d4 26. Nb1 Re2
27. Kb3 Ne4 0-1

[Event "27e Open International Avoine"]
[Site "Espace culturel d'Avoine-3742"]
[Date "2012.07.22"]
[Round "2.35"]
[White "Hutois, Mickael"]
[Black "Yche, Michel"]
[Result "1-0"]
[WhiteElo "2153"]
[BlackElo "1949"]
[PlyCount "89"]
[EventDate "2012.??.??"]

1. e4 e6 2. d4 d5 3. Nc3 Bb4 4. exd5 exd5 5. Bd3 Ne7 6. Qf3 Nbc6 7. Nge2 Be6 8.
Be3 Qd7 9. h3 Nf5 10. O-O-O Nxe3 11. fxe3 O-O-O 12. Rhf1 Kb8 13. a3 Be7 14. e4
Bf6 15. exd5 Bxd5 16. Nxd5 Qxd5 17. Qxd5 Rxd5 18. c3 Rd7 19. Kc2 Bg5 20. Ng3 g6
21. Ne4 Bd8 22. g4 h5 23. g5 h4 24. Rf4 Rh5 25. Rg1 Rh8 26. Rgg4 Rd5 27. Rxh4
Rxh4 28. Rxh4 a6 29. Rh8 Ka7 30. h4 Rf5 31. b4 Be7 32. Re8 b5 33. Kd2 Kb6 34.
Ke3 Rd5 35. Rh8 Rd7 36. Rh7 Bd8 37. Kf4 Re7 38. Nf6 Re1 39. Nd5+ Kb7 40. Rxf7
Rh1 41. Kg3 Rg1+ 42. Kh2 Rd1 43. Bxg6 Nxd4 44. cxd4 Rxd4 45. Kg3 1-0

[Event "27e Open International Avoine"]
[Site "Espace culturel d'Avoine-3742"]
[Date "2012.07.22"]
[Round "2.36"]
[White "Salles, Louis"]
[Black "Foussard, Gervais"]
[Result "1-0"]
[WhiteElo "2147"]
[BlackElo "1950"]
[PlyCount "63"]
[EventDate "2012.??.??"]

1. d4 d5 2. c4 c6 3. Nc3 Nf6 4. Nf3 dxc4 5. e4 b5 6. e5 Nd5 7. a4 b4 8. Ne4 Bf5
9. Ng3 Bg6 10. Bxc4 e6 11. h4 h6 12. h5 Bh7 13. O-O a5 14. Be3 Be7 15. Nd2 O-O
16. Qg4 Nxe3 17. fxe3 Nd7 18. Rf3 Nxe5 19. dxe5 Qxd2 20. Raf1 Bg5 21. Bxe6 Qxb2
22. Rxf7 Rxf7 23. Rxf7 Kh8 24. Qf3 Qc1+ 25. Kh2 Qc5 26. Bb3 Bg8 27. e6 Re8 28.
Rc7 Bxe6 29. Rxc6 Qe5 30. Bxe6 Rxe6 31. Qf8+ Kh7 32. Rc8 1-0

[Event "27e Open International Avoine"]
[Site "Espace culturel d'Avoine-3742"]
[Date "2012.07.22"]
[Round "2.37"]
[White "Lafrechoux, Laurent"]
[Black "Frick, Christoph"]
[Result "0-1"]
[WhiteElo "1922"]
[BlackElo "2258"]
[PlyCount "34"]
[EventDate "2012.??.??"]

1. e4 c6 2. Nc3 d5 3. Qf3 dxe4 4. Nxe4 Nd7 5. d4 Ngf6 6. Bf4 Nxe4 7. Qxe4 Nf6
8. Qd3 g6 9. O-O-O Bg7 10. Be2 O-O 11. h4 Qa5 12. a3 Rd8 13. h5 c5 14. hxg6
hxg6 15. Qg3 Rxd4 16. Rxd4 cxd4 17. Bc4 Qe1# 0-1

[Event "27e Open International Avoine"]
[Site "Espace culturel d'Avoine-3742"]
[Date "2012.07.22"]
[Round "2.38"]
[White "Cau, Benjamin"]
[Black "Marcel, Jean-Francois"]
[Result "1-0"]
[WhiteElo "2158"]
[BlackElo "1922"]
[PlyCount "93"]
[EventDate "2012.??.??"]

1. e4 c6 2. d4 d5 3. f3 e6 4. Nc3 Nf6 5. Be3 Bb4 6. Bd3 O-O 7. Nge2 b6 8. O-O
Ba6 9. Bg5 Be7 10. e5 Nfd7 11. Bxe7 Qxe7 12. f4 c5 13. Bxa6 Nxa6 14. Kh1 Nc7
15. f5 cxd4 16. Qxd4 exf5 17. Rxf5 Rae8 18. Nf4 Ne6 19. Qxd5 Nxf4 20. Rxf4 Qxe5
21. Qxe5 Rxe5 22. h3 Rfe8 23. Rd4 Nc5 24. a4 g6 25. a5 Re1+ 26. Rxe1 Rxe1+ 27.
Kh2 Rc1 28. axb6 axb6 29. Rd2 Kg7 30. Nd5 Nd7 31. Nb4 Nc5 32. Rd6 b5 33. Rd5
Na4 34. b3 Nc3 35. Rc5 Ne2 36. Rxb5 Nd4 37. Rd5 Nf5 38. g4 Ne7 39. Rd3 f5 40.
gxf5 Nxf5 41. c4 Kf6 42. Nc6 Kg5 43. Nd4 Nxd4 44. Rxd4 Rc2+ 45. Kg1 Rb2 46. Rd3
Kf4 47. Rc3 1-0

[Event "27e Open International Avoine"]
[Site "Espace culturel d'Avoine-3742"]
[Date "2012.07.22"]
[Round "2.39"]
[White "Letonnelier, Jean-Pierre"]
[Black "Ollier, Milan"]
[Result "1/2-1/2"]
[WhiteElo "1915"]
[BlackElo "2157"]
[PlyCount "21"]
[EventDate "2012.??.??"]

1. d4 Nf6 2. Nf3 g6 3. Nc3 d5 4. Bf4 Bg7 5. e3 O-O 6. Be2 b6 7. Ne5 Bb7 8. h4
Ne4 9. Nxe4 dxe4 10. h5 Nd7 11. hxg6 1/2-1/2

[Event "27e Open International Avoine"]
[Site "Espace culturel d'Avoine-3742"]
[Date "2012.07.22"]
[Round "2.43"]
[White "Leriche, Luc"]
[Black "Doucet, Antoine"]
[Result "1/2-1/2"]
[WhiteElo "2084"]
[BlackElo "1901"]
[PlyCount "39"]
[EventDate "2012.??.??"]

1. e4 e5 2. Nf3 Nc6 3. d4 exd4 4. Nxd4 Bc5 5. Nxc6 Qf6 6. Qd2 bxc6 7. Bd3 Ne7
8. O-O d6 9. Nc3 O-O 10. Na4 Bb6 11. Qe2 Ng6 12. Nxb6 axb6 13. f4 Qh4 14. f5
Ne5 15. Be3 Re8 16. Rf4 Qe7 17. Qh5 g6 18. fxg6 fxg6 19. Qh4 Qxh4 20. Rxh4
1/2-1/2

[Event "27e Open International Avoine"]
[Site "Espace culturel d'Avoine-3742"]
[Date "2012.07.22"]
[Round "2.44"]
[White "Alary, Pierre"]
[Black "Deslias, Gregoire"]
[Result "0-1"]
[WhiteElo "1893"]
[BlackElo "2075"]
[PlyCount "52"]
[EventDate "2012.??.??"]

1. e4 c5 2. c3 e6 3. d4 d5 4. e5 Bd7 5. Nf3 a6 6. Be2 cxd4 7. cxd4 Bb5 8. Nc3
Bxe2 9. Nxe2 Nc6 10. Nd2 Nge7 11. Nb3 Qb6 12. O-O Nf5 13. Kh1 a5 14. a4 Be7 15.
g4 Nh4 16. Nc3 h5 17. g5 Nf5 18. Nb5 Na7 19. Nxa7 Qxa7 20. Rg1 Qb6 21. Be3 Rc8
22. Qd3 Rc4 23. Rac1 Qa6 24. Rxc4 dxc4 25. Qc3 Qc6+ 26. Rg2 Nh4 0-1

[Event "27e Open International Avoine"]
[Site "Espace culturel d'Avoine-3742"]
[Date "2012.07.22"]
[Round "2.46"]
[White "Gaudin, Eric"]
[Black "Bodicker, Rob"]
[Result "0-1"]
[WhiteElo "1883"]
[BlackElo "2070"]
[PlyCount "58"]
[EventDate "2012.??.??"]

1. e4 e6 2. Qe2 c5 3. Nf3 Nc6 4. c3 g6 5. g3 Bg7 6. Bg2 d6 7. O-O Nge7 8. d3
O-O 9. Bg5 Rb8 10. h4 b5 11. h5 b4 12. hxg6 hxg6 13. Qd2 Qb6 14. c4 Re8 15. Bh6
a5 16. Bxg7 Kxg7 17. Nh2 e5 18. f4 f5 19. g4 Nd4 20. fxe5 dxe5 21. gxf5 gxf5
22. Qg5+ Qg6 23. Qxg6+ Nxg6 24. Nd2 Nf4 25. Nb3 Nc2 26. Rab1 Ne3 27. Rf2 Rb6
28. exf5 Bxf5 29. Be4 Nh3+ 0-1

[Event "27e Open International Avoine"]
[Site "Espace culturel d'Avoine-3742"]
[Date "2012.07.22"]
[Round "2.47"]
[White "Messinger, Karl"]
[Black "Potaux, Olivier"]
[Result "1-0"]
[WhiteElo "2060"]
[BlackElo "1891"]
[PlyCount "41"]
[EventDate "2012.??.??"]

1. e4 d5 2. exd5 Qxd5 3. Nc3 Qa5 4. d4 c6 5. Bc4 Nf6 6. Nf3 Bg4 7. Bd2 Qc7 8.
Qe2 e6 9. O-O-O Bd6 10. h3 Bxf3 11. Qxf3 Nbd7 12. g4 Nb6 13. Bd3 Nbd5 14. Ne2
Nb4 15. Bc4 O-O 16. c3 b5 17. Bb3 Nbd5 18. h4 a5 19. h5 Nb6 20. h6 Nc4 21. hxg7
1-0

[Event "27e Open International Avoine"]
[Site "Espace culturel d'Avoine-3742"]
[Date "2012.07.22"]
[Round "2.49"]
[White "Delalande, Thierry"]
[Black "Muller, Etienne"]
[Result "1/2-1/2"]
[WhiteElo "2055"]
[BlackElo "1875"]
[PlyCount "40"]
[EventDate "2012.??.??"]

1. d4 Nf6 2. c4 c5 3. d5 e6 4. Nc3 exd5 5. cxd5 d6 6. e4 g6 7. f4 Bg7 8. Nf3
O-O 9. Be2 Nbd7 10. O-O Re8 11. Nd2 c4 12. Kh1 Nc5 13. Bf3 b5 14. e5 dxe5 15.
fxe5 Rxe5 16. Nxb5 Nfe4 17. Nxe4 Nxe4 18. Bxe4 Rxe4 19. Qf3 Qf6 20. Bf4 Re7
1/2-1/2

[Event "27e Open International Avoine"]
[Site "Espace culturel d'Avoine-3742"]
[Date "2012.07.22"]
[Round "2.50"]
[White "Monpeurt, Cyrielle"]
[Black "Gaftarnik, Olivier"]
[Result "1-0"]
[WhiteElo "2045"]
[BlackElo "1855"]
[PlyCount "107"]
[EventDate "2012.??.??"]

1. e4 e5 2. Nf3 Nf6 3. Nxe5 d6 4. Nf3 Nxe4 5. Nc3 Nxc3 6. dxc3 Be7 7. Be3 Nc6
8. Bd3 Bg4 9. h3 Bh5 10. Bb5 a6 11. Ba4 b5 12. Qd5 Bxf3 13. gxf3 Na5 14. Bb3
O-O 15. Qh5 Nxb3 16. cxb3 Bf6 17. O-O-O Re8 18. Qg4 Re6 19. Rhg1 Qe7 20. Kb1
Re8 21. h4 Kh8 22. h5 Re5 23. h6 g6 24. f4 Rh5 25. Bd2 Qe4+ 26. Kc1 Qf5 27.
Qxf5 gxf5 28. Rh1 Rxh1 29. Rxh1 Re2 30. Be3 Kg8 31. Rh5 b4 32. Rxf5 Bh8 33. Bd2
Rxf2 34. Ra5 Kf8 35. Rxa6 Ke7 36. Ra4 Rh2 37. Rxb4 Rxh6 38. a4 d5 39. a5 Re6
40. Ra4 Ra6 41. Be3 Bf6 42. Kd2 Ke6 43. b4 Kf5 44. b5 Ra8 45. b6 cxb6 46. axb6
Rb8 47. Rb4 Rb7 48. Kd3 Kg4 49. Rb5 h5 50. Rxd5 h4 51. Kc4 h3 52. Rd2 Kg3 53.
Bg1 Kxf4 54. Kc5 1-0

[Event "27e Open International Avoine"]
[Site "Espace culturel d'Avoine-3742"]
[Date "2012.07.22"]
[Round "2.60"]
[White "Suez-Panama, Gilles"]
[Black "Auvray, Honorine"]
[Result "1-0"]
[WhiteElo "2019"]
[BlackElo "1813"]
[PlyCount "200"]
[EventDate "2012.??.??"]

1. d4 Nf6 2. Nf3 g6 3. c4 Bg7 4. g3 O-O 5. Bg2 d5 6. cxd5 Nxd5 7. O-O Nb6 8.
Nc3 c6 9. Qc2 Na6 10. Rd1 e6 11. a3 Qe7 12. Bg5 f6 13. Bf4 Nd5 14. Bc1 Rd8 15.
e4 Nb6 16. b4 Nc7 17. Qb3 Kh8 18. e5 Nbd5 19. Ne4 Rf8 20. Bb2 f5 21. Nd6 Ne8
22. Nc4 Nec7 23. Bc1 h6 24. Nh4 Kh7 25. Nd6 Rb8 26. Bf1 Ne8 27. Nc4 Bd7 28. Rb1
Nec7 29. Nd6 Ne8 30. Nc4 Nec7 31. Bd2 Rfd8 32. Rbc1 Bf8 33. Be2 Nb5 34. Be1
Nbc7 35. Na5 Qe8 36. Qb2 Be7 37. Ng2 Rdc8 38. Nc4 Qf8 39. Bd2 Rd8 40. Rb1 Kg7
41. Qc1 Kh7 42. h4 Nb5 43. Qb2 Nbc7 44. Qc1 Nb5 45. Be1 Nbc7 46. Rb2 Be8 47.
Rc2 Bd7 48. Rd3 Qg7 49. Rf3 Nb5 50. Qb2 Rf8 51. a4 Nbc7 52. Na5 a6 53. Bd2 Rf7
54. Nc4 Qf8 55. Rb3 Rg7 56. Qc1 Rf7 57. Rcb2 h5 58. Qb1 Rg7 59. Bg5 Bxg5 60.
hxg5 Qe7 61. f4 Rgg8 62. Nh4 Kg7 63. Kf2 Ra8 64. Nd6 b5 65. a5 Rab8 66. Qh1 Rh8
67. Qc1 Ne8 68. Qc5 Nec7 69. Bf3 Qf8 70. Bxd5 exd5 71. Qa7 Qd8 72. Nb7 Qc8 73.
Nd6 Qd8 74. Nb7 Qc8 75. Nc5 Ra8 76. Qb7 Qxb7 77. Nxb7 Ne6 78. Ke3 Ra7 79. Nd6
Rf8 80. Rc3 Rc7 81. Rbc2 Kh7 82. Rc1 Kg7 83. R3c2 Kh7 84. Rh1 Kg7 85. Rch2 Be8
86. Rc1 Bd7 87. Rhc2 Kh7 88. Nf3 Kg7 89. Rh1 Rh8 90. Rch2 Nd8 91. Nd2 Nb7 92.
Nb3 Nxd6 93. exd6 Re8+ 94. Kd3 Ra7 95. Nc5 Kf7 96. Rc1 Rc8 97. Re2 Be8 98. Rce1
Kf8 99. Ne6+ Kg8 100. Nc5 Rd8 1-0

[Event "27e Open International Avoine"]
[Site "Espace culturel d'Avoine-3742"]
[Date "2012.07.23"]
[Round "3.2"]
[White "Haub, Thorsten Michael"]
[Black "Stephan, Victor"]
[Result "1/2-1/2"]
[WhiteElo "2466"]
[BlackElo "2253"]
[PlyCount "105"]
[EventDate "2012.??.??"]

1. g3 c5 2. Bg2 Nf6 3. d3 g6 4. e4 Nc6 5. Nf3 d6 6. O-O Bg7 7. c3 O-O 8. Re1
Bg4 9. h3 Bxf3 10. Qxf3 Nd7 11. Qe2 Rb8 12. f4 Qc7 13. Be3 b5 14. a3 a5 15. Nd2
b4 16. Rec1 bxc3 17. bxc3 Rb2 18. Qf3 Na7 19. a4 Rfb8 20. Nc4 R2b3 21. Bd2 Nc8
22. Qd1 e6 23. Rab1 Rxb1 24. Rxb1 Rxb1 25. Qxb1 Ncb6 26. Nxb6 Qxb6 27. Qxb6
Nxb6 28. c4 Nxa4 29. Bxa5 Kf8 30. Bf3 Ke7 31. Bd1 Bc3 32. Bc7 Kd7 33. Bb8 Nb6
34. Kf1 f6 35. h4 h6 36. g4 g5 37. e5 dxe5 38. fxg5 fxg5 39. hxg5 hxg5 40. Bf3
Bd4 41. Bb7 Nc8 42. Bxc8+ Kxc8 43. Bd6 Kd7 44. Bf8 Ke8 45. Bh6 e4 46. Bxg5 exd3
47. Kg2 Kf7 48. Bd2 Bf6 49. Kf3 Kg6 50. Be3 Bc3 51. Bxc5 d2 52. Ke2 Kg5 53.
Be3+ 1/2-1/2

[Event "27e Open International Avoine"]
[Site "Espace culturel d'Avoine-3742"]
[Date "2012.07.23"]
[Round "3.3"]
[White "Kostiuk, Tatiana"]
[Black "Inkiov, Ventzislav"]
[Result "1-0"]
[WhiteElo "2327"]
[BlackElo "2460"]
[PlyCount "103"]
[EventDate "2012.??.??"]

1. d4 Nf6 2. Nf3 e6 3. c4 d5 4. Nc3 Bb4 5. Bg5 Nbd7 6. cxd5 exd5 7. e3 c5 8.
Bb5 Qa5 9. Bxd7+ Bxd7 10. Bxf6 gxf6 11. O-O Bxc3 12. bxc3 c4 13. e4 O-O-O 14.
Nd2 Rhg8 15. Kh1 Bc6 16. Qc2 dxe4 17. Nxc4 Qh5 18. Ne3 f5 19. Qd1 Qxd1 20.
Rfxd1 Ba4 21. Re1 f4 22. Nf5 Rg5 23. Nh4 Bc6 24. Rac1 Rh5 25. g3 Rg8 26. c4 e3+
27. d5 exf2 28. Re4 fxg3 29. hxg3 Bd7 30. Kg2 f5 31. Rf4 Rhg5 32. Rc3 Rg4 33.
Kxf2 b6 34. c5 bxc5 35. Rxc5+ Kb7 36. Rxg4 fxg4 37. Ng2 Rg6 38. Rc3 Rb6 39. Ke3
Rb2 40. Rb3+ Rxb3+ 41. axb3 Kb6 42. Kd4 a5 43. Nf4 Be8 44. Ke5 Kb5 45. Kd6 Kb4
46. Ke7 Bb5 47. Ne6 h5 48. Nd4 h4 49. gxh4 g3 50. d6 g2 51. Nf3 Kxb3 52. h5 1-0

[Event "27e Open International Avoine"]
[Site "Espace culturel d'Avoine-3742"]
[Date "2012.07.23"]
[Round "3.4"]
[White "Bon, Michael"]
[Black "Dumitrache, Dragos-Nicolae"]
[Result "1-0"]
[WhiteElo "2304"]
[BlackElo "2447"]
[PlyCount "93"]
[EventDate "2012.??.??"]

1. e4 e5 2. Nc3 Nf6 3. Nf3 d6 4. d4 Nbd7 5. Bc4 Be7 6. O-O O-O 7. Qe2 a6 8.
dxe5 dxe5 9. Rd1 Bd6 10. a4 Qe8 11. Nh4 Nb6 12. Ba2 Bg4 13. f3 Be6 14. Nf5 Bxa2
15. Nxd6 cxd6 16. Rxa2 Qe6 17. a5 Nc8 18. Bg5 Ne8 19. Nd5 f6 20. Be3 Ne7 21.
Qd3 Nxd5 22. Qxd5 Qxd5 23. Rxd5 Rc8 24. b3 Kf7 25. c4 Ke6 26. Rad2 Rf7 27. f4
g6 28. g4 f5 29. exf5+ gxf5 30. g5 Rc6 31. fxe5 dxe5 32. Bf4 Re7 33. Rxe5+ Kf7
34. Rxe7+ Kxe7 35. Rd5 Ng7 36. Be5 Nh5 37. Kg2 h6 38. h4 b6 39. Kf3 hxg5 40.
hxg5 bxa5 41. c5 Kf7 42. Bd4 Rc7 43. Rxf5+ Kg6 44. Re5 Rd7 45. Be3 Ng7 46. Ke4
Kf7 47. c6 1-0

[Event "27e Open International Avoine"]
[Site "Espace culturel d'Avoine-3742"]
[Date "2012.07.23"]
[Round "3.6"]
[White "Pietrasanta, Jeremy"]
[Black "Shirazi, Kamran"]
[Result "0-1"]
[WhiteElo "2272"]
[BlackElo "2417"]
[PlyCount "70"]
[EventDate "2012.??.??"]

1. c4 b6 2. Nf3 Bb7 3. g3 e5 4. Bg2 g6 5. d4 exd4 6. Bg5 f6 7. Qxd4 Bc5 8. Qc3
Nc6 9. Bd2 Qe7 10. O-O g5 11. Qd3 Qf7 12. b3 Nge7 13. Nc3 O-O-O 14. Ne4 Ba3 15.
Bc1 Bxc1 16. Raxc1 d5 17. cxd5 Nxd5 18. Nc3 Nde7 19. Qe4 h6 20. Qa4 a6 21. Rfd1
f5 22. b4 b5 23. Qa3 Qc4 24. Rb1 Rxd1+ 25. Nxd1 Qxe2 26. Ne3 Rd8 27. Qb3 Kb8
28. Re1 Qd3 29. Qf7 Qc3 30. Rb1 Qh8 31. Qe6 f4 32. Nf5 Bc8 33. Nxe7 Bxe6 34.
Nxc6+ Kc8 35. Nfe5 Rd6 0-1

[Event "27e Open International Avoine"]
[Site "Espace culturel d'Avoine-3742"]
[Date "2012.07.23"]
[Round "3.7"]
[White "Mostertman, Milan"]
[Black "David, Vincent"]
[Result "0-1"]
[WhiteElo "2248"]
[BlackElo "2392"]
[PlyCount "46"]
[EventDate "2012.??.??"]

1. e4 e6 2. d4 d5 3. Nd2 dxe4 4. Nxe4 Nd7 5. Nf3 Ngf6 6. Nxf6+ Nxf6 7. c3 c5 8.
Ne5 a6 9. Bd3 Qd5 10. O-O cxd4 11. cxd4 Be7 12. Bg5 O-O 13. Rc1 h6 14. Bxf6
Bxf6 15. Rc5 Qd6 16. Qg4 Rd8 17. Rd1 Bd7 18. Qe4 g6 19. Nxg6 Qxd4 20. Qxd4 Bxd4
21. Rc7 fxg6 22. Bc4 Bc6 23. Bxe6+ Kh8 0-1

[Event "27e Open International Avoine"]
[Site "Espace culturel d'Avoine-3742"]
[Date "2012.07.23"]
[Round "3.9"]
[White "Guliyev, Namig"]
[Black "Mevel, Alberic"]
[Result "0-1"]
[WhiteElo "2539"]
[BlackElo "2188"]
[PlyCount "122"]
[EventDate "2012.??.??"]

1. e4 d5 2. exd5 Nf6 3. d4 Bg4 4. f3 Bf5 5. c4 e6 6. dxe6 Nc6 7. Ne2 Nb4 8. g4
Bc2 9. exf7+ Kxf7 10. Nbc3 Bxd1 11. Kxd1 Bc5 12. d5 Nd3 13. Kc2 Nf2 14. Rg1
N2xg4 15. fxg4 Bxg1 16. Nxg1 Nxg4 17. Nf3 Re8 18. Ng5+ Kg8 19. Bd3 Nf6 20. Bf4
Qd7 21. Rg1 Re7 22. Nf3 Rf8 23. Nd4 Ne4 24. Ne6 Rxf4 25. Bxe4 Rf2+ 26. Kb3 Qd6
27. c5 Qxh2 28. Rh1 Qe5 29. Bxh7+ Kf7 30. Nd8+ Kf8 31. Bg6 Rh2 32. Rf1+ Kg8 33.
Ne6 Rxe6 34. Bf7+ Kh8 35. Bxe6 g6 36. Rf7 Rh7 37. Rf8+ Kg7 38. Ra8 b6 39. Rxa7
bxc5 40. a4 Qf4 41. Rb7 Rh8 42. Rb5 Qd4 43. Rb7 Kf6 44. Bd7 Rh4 45. Ka3 Rh1 46.
Ka2 Qc4+ 47. Rb3 Ra1+ 48. Kxa1 Qxb3 49. Bb5 Ke5 50. a5 Qb4 51. a6 g5 52. Kb1 g4
53. Bf1 Qa5 54. Kc2 g3 55. Kd2 c4 56. d6 cxd6 57. Bxc4 g2 58. b4 Qxb4 59. a7
Qa5 60. Bd5 Qxa7 61. Bxg2 Qf2+ 0-1

[Event "27e Open International Avoine"]
[Site "Espace culturel d'Avoine-3742"]
[Date "2012.07.23"]
[Round "3.10"]
[White "Hutois, Mickael"]
[Black "Jolly, Jean-Francois"]
[Result "0-1"]
[WhiteElo "2153"]
[BlackElo "2409"]
[PlyCount "82"]
[EventDate "2012.??.??"]

1. e4 c5 2. Nf3 Nc6 3. d4 cxd4 4. Nxd4 g6 5. c4 Bg7 6. Be3 Nf6 7. Nc3 Ng4 8.
Qxg4 Nxd4 9. Qd1 e5 10. Bd3 O-O 11. O-O d6 12. Qd2 Be6 13. Rac1 a6 14. b3 Rb8
15. Bb1 b5 16. cxb5 axb5 17. f4 f5 18. h3 Qd7 19. Bxd4 exd4 20. Ne2 Qa7 21. Kh1
Rbe8 22. Ng3 fxe4 23. Bxe4 Bf7 24. Rf3 d5 25. Bd3 Re3 26. Rcf1 Ra8 27. Bb1 Bf6
28. Qb4 Qd7 29. Kh2 h5 30. R1f2 h4 31. Ne2 Re4 32. Rd3 Qc7 33. Qd2 Qc5 34. g4
hxg3+ 35. Rxg3 d3 36. Nc1 Bh4 37. Nxd3 Bxg3+ 38. Kxg3 Qe3+ 39. Qxe3 Rxe3+ 40.
Kg4 Be6+ 41. Kg5 Bf5 0-1